000 00477nam a2200169Ia 4500
008 240729s9999 xx 000 0 und d
022 _a2772-9494
245 0 _aMaterials Today Electronics
260 _aUnited Kingdom
260 _bElsevier
650 _a Electrical engineering. Electronics. Nuclear engineering
650 _a Electronics
650 _aTechnology
856 _uhttps://doaj.org/toc/7a94b42ef52b475983c88f8289b7ddea
942 _2ddc
942 _cDOAJEJ
999 _c68249
_d68249
945 _a1
_bMadushi Gamage
_c1
_dMadushi Gamage